LEADER 01149nam a2200313 i 4500
001 c000329975
003 CARM
005 00000000000000.0
008 770916s1978 mau b 00110 eng
010 |a 77015002 //r952 
019 1 |a 1028388  |5 LACONCORD2021 
020 |a 0805772030 
035 |a (OCoLC)3327600  |5 LACONCORD2021 
050 0 0 |a PS1733  |b .M27 
082 0 0 |a 813/.5/2  |a B 
100 1 |a McCullough, Joseph B., 
245 0 0 |a Hamlin Garland /  |c by Joseph B. McCullough. 
260 |a Boston :  |b Twayne Publishers,  |c c1978. 
300 |a 143 p. :  |b ill. ;  |c 21 cm. 
490 0 |a Twayne's United States authors series : TUSAS 299 
500 |a Includes index. 
504 |a Bibliography: p. 125-140. 
600 1 0 |a Garland, Hamlin,  |d 1860-1940  |x Criticism and interpretation. 
650 0 |a Western stories  |x History and criticism. 
650 0 |a Farm life in literature. 
650 0 |a Realism in literature. 
852 8 |b CARM  |h A1:AM29G0  |i B09657  |p 0437526  |f BK 
999 f f |i 0bad0764-9dd8-5fcb-be61-1287411820f3  |s 13093428-eeba-525c-b529-273d09637f1b 
952 f f |p Can circulate  |a CAVAL  |b CAVAL  |c CAVAL  |d CARM 1 Store  |e B09657  |f A1:AM29G0  |h Other scheme  |i book  |m 0437526